00303nam a2200121Ia 4500008004100000041000800041082001500049100001000064245003800074260003300112300001900145999001700164241028s9999 xx 000 0 und d aeng a658.15 KAP aKapil aFinancial Valuation And Modelling bWiley IndiaaNew Delhic2022 a504;. P. 23 cm c43081d43081